000 00756nam a2200265 a 4500
001 62801
003 BD-RjUL
005 20211209081126.0
008 170125s1986 nyu 001 0 eng d
020 _a0023955805
035 _a(BD-RjUL)62929
040 _aDLC
_cDLC
_dBD-RjUL
_beng
041 _aeng
082 0 0 _a808
_223
_bPIL 1986
100 1 _aPickering, James H.
_964368
245 1 0 _aLiterature /
_cJames H. Pickering, Jeffrey D. Hoeper.
250 _a2nd ed.
260 _aNew York ;
_bMacmillan ;
_aLondon :
_bCollier Macmillan,
_cc1986
300 _axxvii, 1507 p. ;
_c24 cm.
500 _aIncludes index.
650 0 _aLiterature
_xCollections.
_964369
700 1 _aHoeper, Jeffrey D.
_964370
942 _2ddc
_cBK
999 _c62801
_d62801